| 000 | 00475nam a2200181Ia 4500 | ||
|---|---|---|---|
| 003 | GCL | ||
| 008 | 140319s9999 xx 000 0 eng d | ||
| 040 |
_aGCL / _cGCL |
||
| 082 | 0 | 4 |
_aCC _b050.941 _bV S |
| 100 | 1 | _aOLEG V. VOLKOFF | |
| 245 | 1 | 0 |
_aSUPPLEMENT AUX ANNALES ISLAMOLOGIQUES: TOME 26.1992 / _cOLEG V. VOLKOFF |
| 260 |
_a[S.N] : _bIFAO |
||
| 300 | _a100 PP | ||
| 650 | 0 | 4 | _aحوادث المرور |
| 650 | 0 | 4 | _aHISTORY |
| 650 | 0 | 4 | _aPERIODICALS |
| 942 |
_2ddc _cBK |
||
| 999 |
_c17750 _d17750 |
||